Cheese - Sudden Death - Statistics

General Stats
  • This quiz has been taken 255 times
  • The average score is 11 of 17
Answers on the Grid
Answers color-coded by a green-red scale on the quiz's grid according to % correct below.
Camembert
Lillehammer
Manganese
Mascarpone
Blue Coventry
Gruyère
Brie
Kipling
Monterey Jack
Santorini
Gaddafi
Gouda
Kasabian
Halloumi
Dukakis
Ricotta
Paneer
Scunthorpe
Feta
Gozo
Palladium
Van Buren
Red Leicester
Chernenko
Parmesan
Nicosia
Pancreas
Double Gloucester
Hemingway
Verdi
Cornish Yarg
Gorgonzola
Yuzu
Fontina
Stinking Bishop
Talisker
 
Answer Stats
Answer % Correct
Brie
93%
Gouda
86%
Parmesan
86%
Ricotta
84%
Feta
83%
Camembert
82%
Gruyère
76%
Mascarpone
75%
Monterey Jack
74%
Gorgonzola
72%
Halloumi
54%
Paneer
47%
Red Leicester
44%
Double Gloucester
43%
Stinking Bishop
39%
Fontina
38%
Cornish Yarg
24%
No matching quizzes found
Score Distribution
Percent of People with Each Score
Percentile by Number Answered
Your Score History
You have not taken this quiz